Entrepreneurial success / (Record no. 17981)

MARC details
000 -LEADER
fixed length control field 00581nam a2200217Ia 4500
008 - FIXED-LENGTH DATA ELEMENTS--GENERAL INFORMATION
fixed length control field 210303s9999 xx 000 0 und d
016 ## - NATIONAL BIBLIOGRAPHIC AGENCY CONTROL NUMBER
Source retro2022
020 ## - INTERNATIONAL STANDARD BOOK NUMBER
ISBN 978809421x
040 ## - CATALOGING SOURCE
Original cataloging agency NLN
Language of cataloging English
100 ## - MAIN ENTRY--AUTHOR
Author TRACY, Brain
Relator term aut
245 #0 - TITLE STATEMENT
Title Entrepreneurial success /
Statement of responsibility, etc Brain Tracy
260 ## - PUBLICATION, DISTRIBUTION, ETC. (IMPRINT)
Place of publication Kaduna, Kaduna state
Name of publisher Clarion call publishers ,
Date of publication 2006
300 ## - COLLATION
Pagination 144P. :
Other physical details 17cm
563 ## - BINDING INFORMATION
Binding note (pbk)
650 ## - TRACINGS
Main Subject Entrepreneurship
650 ## - TRACINGS
Main Subject Success in business
942 ## - ADDED ENTRY ELEMENTS (KOHA)
Item type Books
942 ## - ADDED ENTRY ELEMENTS (KOHA)
Suppress in OPAC No
050 ## - LIBRARY OF CONGRESS CALL NUMBER
Classification number HB615
Item number .T761
082 ## - DEWEY DECIMAL CLASSIFICATION NUMBER
Classification number 338.04
Holdings
Source of classification or shelving scheme Not for loan Home library Current library Date acquired Full call number Barcode. Koha item type
Library of Congress Classification   LAGOS BRANCH National Library of Nigeria 04/03/2021 HB615 .T761 2024-555555550997110 Books

National Library of Nigeria OPAC is powered by Koha